| Tag |
First Indicator |
Second Indicator |
Subfields |
| LEADER |
00000cam a2200000 a 4500 |
| 001 |
in00004511721 |
| 005 |
20191204153547.0 |
| 008 |
090217s2009 flua b 001 0 eng |
| 010 |
|
|
|a 2009006363
|
| 015 |
|
|
|a GBA917699
|2 bnb
|
| 016 |
7 |
|
|a 014909386
|2 Uk
|
| 020 |
|
|
|a 9780789028099 (hardcover : alk. paper)
|
| 020 |
|
|
|a 0789028093 (hardcover : alk. paper)
|
| 020 |
|
|
|a 9780789028105 (pbk. : alk. paper)
|
| 020 |
|
|
|a 0789028107 (pbk. : alk. paper)
|
| 029 |
1 |
|
|a BWX
|b R5785459
|
| 035 |
|
|
|a (OCoLC)ocn144521413
|
| 035 |
|
|
|a (OCoLC)144521413
|
| 035 |
|
|
|z (UtOrBLW)49724
|
| 035 |
|
|
|a 70383
|
| 040 |
|
|
|a DLC
|c DLC
|d BTCTA
|d BAKER
|d OCLNG
|d UKM
|d YDXCP
|d C#P
|d BWX
|d WS$
|d TMV
|d UtOrBLW
|
| 049 |
|
|
|a TMVM
|c 1
|
| 050 |
0 |
0 |
|a RM666.H33
|b R6 2009
|
| 060 |
|
4 |
|a WB 925
|b R631h 2009
|
| 082 |
0 |
0 |
|a 615/.321
|2 22
|
| 082 |
0 |
4 |
|a 615.7
|
| 245 |
0 |
0 |
|a Tyler's herbs of choice :
|b the therapeutic use of phytomedicinals.
|
| 246 |
3 |
0 |
|a Herbs of choice
|
| 250 |
|
|
|a Third edition /
|c Dennis V.C. Awang.
|
| 264 |
|
1 |
|a Boca Raton :
|b CRC Press,
|c [2009]
|
| 264 |
|
4 |
|c ©2009
|
| 300 |
|
|
|a xxvi, 269 pages :
|b illustrations ;
|c 25 cm.
|
| 336 |
|
|
|a text
|2 rdacontent
|b txt
|
| 337 |
|
|
|a unmediated
|2 rdamedia
|
| 338 |
|
|
|a volume
|2 rdacarrier
|b nc
|
| 500 |
|
|
|a Revised edition of: Tyler's herbs of choice / James E. Robbers, Varro E. Tyler. c1999.
|
| 504 |
|
|
|a Includes bibliographical references and index.
|
| 650 |
|
0 |
|a Herbs
|x Therapeutic use.
|
| 650 |
|
2 |
|a Plants, Medicinal.
|
| 650 |
|
2 |
|a Herbal Medicine.
|
| 650 |
|
2 |
|a Phytotherapy.
|
| 700 |
1 |
|
|a Awang, Dennis V. C.
|
| 700 |
1 |
|
|a Robbers, James E.
|t Herbs of choice.
|
| 948 |
|
|
|a AE : WB 925 R631h 1999(2/4,1/2000), CoP(2/0,8/2008)
|
| 999 |
|
|
|a MARS
|
| 999 |
f |
f |
|s 752fb683-c873-306b-b8e3-6fb830e04776
|i f6f4bcf0-2878-3b25-8e5d-75afc6f86e1b
|t 0
|
| 952 |
f |
f |
|p ric
|a Texas A&M University
|b Rellis Campus
|c Joint Library Facility
|d Remote Storage
|t 0
|e WB 925 R631h 2009
|h National Library of Medicine classification
|i unmediated -- volume
|m 3238902087188
|
| 998 |
f |
f |
|a WB 925 R631h 2009
|t 0
|l Remote Storage
|